00833nas a2200229Ia 4500001001100000003000900011008004100020040001300061040001300074041001300087100004700100210001300147222001300160245006900173250001100242260002500253501008600278300001700364362003300381500015300414650003600567R036/44111IT-RoPAU151124c99999999xx |||||||||||| ||und|| aIT-RoPAU cIT-RoPAU aITALIANO aPaolella RobertogCodice Aut. SPICS: 2901 aSEQUENZE aSequenze aSEQUENZE, ANNO 2-N.08 (APRILE 1950)bDebutti Del Cinema Italiano a1a ed. aPARMAbMACCARIc1950 bPaulus - SPICS - Società San Paolo EM (non-commercial uses only)cCopyright2015 a6 p. [24-29] aANNO 002, N.08 (APRILE 1950) aCinema da Fiera. Prime Editrici. Documentario: Roberto Omegna e Luca Comerio. Farse Morali. Cataclismi Comici. Leopoldo Fregoli: il Melies Italiano. aCINEMAvPUBBLICAZIONE PERIODICA